[Event "32nd GER-ch Seniors-65 2020"]
[Site "Magdeburg"]
[Date "2020.08.14"]
[Round "1.11"]
[White "Strobel, Walter"]
[Black "Rache, Ralf"]
[Result "1-0"]
[WhiteElo "2150"]
[BlackElo "1871"]
[Annotator "TA"]
[PlyCount "62"]
[EventDate "2020.08.14"]
[EventType "swiss"]
[EventCountry "GER"]
[SourceTitle "playchess.com"]
[Source "ChessBase"]
[SourceQuality "1"]

{[%evp 23,62,33,51,11,4,0,35,13,54,-42,-24,-15,59,51,45,54,62,54,33,17,125,89,104,93,127,127,122,130,219,103,110,131,383,345,332,359,356,359,943,931,795]} 1. e4 c5 2. Nf3 Nc6 3. d4 cxd4 4. Nxd4 Nf6 5. Nc3 e5 6. Ndb5 d6 7. Bg5 a6 8. Na3 b5 9. Bxf6 gxf6 10. Nd5 f5 11. c3 Bg7 12. Bd3 Be6 13. Nxb5 {B33: Sicilian: Pelikan and Sveshnikov Variations.} axb5 14. Bxb5 Bd7 15. exf5 {White is slightly better.} e4 16. Qg4 (16. O-O $14) 16... Kf8 $1 $15 {[#] Threatens to win with ...Ne5.} 17. Qxe4 {[#] Hoping for 0-0.} Qe8 $146 ({Black should play} 17... Qa5 $11 18. O-O Qxb5) ({Predecessor:} 17... Qa5 18. O-O Qxb5 19. f6 Ne5 20. Nc7 Ra4 21. Nxb5 Rxe4 22. fxg7+ Kxg7 23. Nxd6 Rg4 {1-0 (53) Clarke,B (2362)-Chan,L (2210) Canberra 2018}) 18. Qxe8+ $14 Rxe8+ 19. Ne3 Re5 20. a4 Bh6 $1 21. O-O $36 {[%mdl 2048] Ng4 is the strong threat. White is more active.} Rg8 (21... Bxe3 $11 22. fxe3 Ke7) 22. Rad1 Bxe3 23. fxe3 Nb8 24. Rxd6 Ke7 25. Rb6 {Black must now prevent f6+.} Bxf5 (25... Rxf5 $16 26. Rf4 Rxf4 27. exf4 Bxb5 28. Rxb5 (28. axb5 Nd7 $14) 28... Kd6 29. Rb6+ Ke7) 26. g3 (26. Rb7+ $18 {and the rest is easy.} Kd6 27. Rxf7) 26... Nd7 27. Rb7 Rd5 $2 {[%mdl 8192] [#] This move loses the game for Black.} (27... Rb8 $16 28. Ra7 Rb6) 28. Rxf5 $1 {[%mdl 512]} Rxf5 29. Rxd7+ ({Don't take} 29. Bxd7 Re5 $18) 29... Ke6 {aiming for ...Rxb5!} 30. Rd4 h5 $2 (30... Re5 31. Kf2 Rh5) 31. Bd7+ $18 {[%mdl 64] Skewer} Ke5 {Accuracy: White = 56%, Black = 35%.} 1-0

[Event "32nd GER-ch Seniors-65 2020"]
[Site "Magdeburg"]
[Date "2020.08.14"]
[Round "1.12"]
[White "Klein, Reinhard"]
[Black "Tchetchelnitski, Boris"]
[Result "0-1"]
[WhiteElo "1849"]
[BlackElo "2148"]
[Annotator "TA"]
[PlyCount "46"]
[EventDate "2020.08.14"]
[EventType "swiss"]
[EventCountry "GER"]
[SourceTitle "playchess.com"]
[Source "ChessBase"]
[SourceQuality "1"]

{[%evp 21,46,-18,-22,-26,-27,-18,13,13,16,7,17,-262,-258,-277,-264,-252,-268,-245,-194,-393,-265,-282,-270,-280,-278,-468,-459]} 1. d4 Nf6 2. Nf3 e6 3. c4 d5 4. Nc3 a6 5. Bg5 Be7 6. e3 O-O 7. Bd3 dxc4 8. Bxc4 b5 9. Bd3 Bb7 10. Rc1 Nbd7 11. O-O c5 12. Qe2 {D63: Queen's Gambit Declined: Classical: 7 Rc1.} Rc8 13. a3 {[#]} b4 $146 ({Predecessor:} 13... cxd4 14. Nxd4 Ne5 15. Bb1 Re8 16. Rfd1 Qb6 17. Bxf6 Bxf6 18. Ne4 Bxe4 19. Bxe4 g6 {0-1 (29) Ishii,I (1902)-Severino,S (2363) Pattaya 2019}) 14. axb4 {The position is equal.} cxb4 15. Na4 Qa5 {[#] And now ...Rxc1 would win.} 16. b3 $2 {[%mdl 8192] This move loses the game for White.} (16. Bxf6 $11 {and White has nothing to worry.} Rxc1 17. Rxc1 (17. Bxe7 Rxf1+ 18. Kxf1 Bxf3 $15) 17... Nxf6 18. b3) 16... Bxf3 $19 17. Qxf3 Qxg5 18. Bxa6 Rxc1 19. Rxc1 Qd5 20. Qe2 $2 {[#]} (20. Qxd5 Nxd5 21. e4) 20... g6 21. Bc4 Qd6 22. Qd3 Rd8 23. e4 $2 (23. Qc2) 23... Qf4 {Accuracy: White = 41%, Black = 54%.} 0-1

[Event "32nd GER-ch Seniors-65 2020"]
[Site "Magdeburg"]
[Date "2020.08.15"]
[Round "2.1"]
[White "Walther, Reinhard"]
[Black "Khanukov, Boris"]
[Result "0-1"]
[WhiteElo "2027"]
[BlackElo "2291"]
[Annotator "ChessBase"]
[PlyCount "86"]
[EventDate "2020.08.14"]
[EventType "swiss"]
[EventCountry "GER"]
[SourceTitle "playchess.com"]
[Source "ChessBase"]
[SourceQuality "1"]
[TimeControl "40/5400+30:1800+30"]

1. d4 {[%emt 0:00:00]} Nf6 {[%emt 0:00:00]} 2. Bg5 {[%emt 0:00:00]} c5 {[%emt 0:01:10]} 3. d5 {[%emt 0:00:03]} Qb6 {[%emt 0:01:08]} 4. Nc3 {[%emt 0:00:08]} h6 {[%emt 0:01:42]} 5. Bd2 {[%emt 0:01:18]} d6 {[%emt 0:01:35]} 6. e4 {[%emt 0:00:12]} a6 {[%emt 0:01:20]} 7. Bc4 {[%emt 0:07:57]} Qc7 {[%emt 0:04:56]} 8. a4 {[%emt 0:00:20]} e5 {[%emt 0:04:26]} 9. Nge2 {[%emt 0:02:42]} g6 {[%emt 0:01:09]} 10. O-O {[%emt 0:00:26]} Bg7 {[%emt 0:00:25]} 11. f4 {[%emt 0:03:23]} exf4 {[%emt 0:00:25]} 12. Bxf4 {[%emt 0:02:27]} Nbd7 {[%emt 0:02:22]} 13. Qd2 {[%emt 0:03:10]} Nh5 {[%emt 0:02:19]} 14. Kh1 {[%emt 0:13:22]} Nxf4 {[%emt 0:00:42]} 15. Nxf4 {[%emt 0:00:10]} Ne5 {[%emt 0:00:20]} 16. Be2 {[%emt 0:00:26]} Qe7 {[%emt 0:12:06]} 17. Rf2 {[%emt 0:06:55]} Qg5 {[%emt 0:03:22]} 18. Raf1 {[%emt 0:03:45]} O-O {[%emt 0:00:50]} 19. Nd1 {[%emt 0:07:44]} Bd7 {[%emt 0:00:20]} 20. Qa5 {[%emt 0:01:17]} Qd8 {[%emt 0:01:35]} 21. Qxd8 {[%emt 0:00:32]} Raxd8 {[%emt 0:00:52]} 22. b3 {[%emt 0:00:25]} b5 {[%emt 0:00:39]} 23. axb5 {[%emt 0:00:54]} axb5 {[%emt 0:00:10]} 24. Nd3 {[%emt 0:00:31]} Ra8 {[%emt 0:00:56]} 25. Nxe5 {[%emt 0:00:33]} Bxe5 {[%emt 0:00:10]} 26. h3 {[%emt 0:03:41]} h5 {[%emt 0:01:34]} 27. Ne3 {[%emt 0:05:08]} Bd4 {[%emt 0:02:15]} 28. Rf3 {[%emt 0:00:11]} Ra2 {[%emt 0:00:36]} 29. Bd3 {[%emt 0:02:06]} Kg7 {[%emt 0:01:10]} 30. Nd1 {[%emt 0:00:39]} f6 {[%emt 0:01:51]} 31. Nf2 {[%emt 0:01:22]} Rc8 {[%emt 0:00:46]} 32. g4 {[%emt 0:01:33]} c4 {[%emt 0:00:49]} 33. bxc4 {[%emt 0:01:54]} bxc4 {[%emt 0:00:08]} 34. Be2 {[%emt 0:01:58]} Rxc2 {[%emt 0:01:13]} 35. Bd1 {[%emt 0:01:34]} Rxf2 {[%emt 0:00:52]} 36. R3xf2 {[%emt 0:00:14]} Bxf2 {[%emt 0:00:12]} 37. Rxf2 {[%emt 0:00:05]} hxg4 {[%emt 0:00:42]} 38. hxg4 {[%emt 0:00:28]} c3 {[%emt 0:01:28]} 39. Kg2 {[%emt 0:00:26]} Bxg4 {[%emt 0:02:02]} 40. Bc2 {[%emt 0:02:25]} f5 {[%emt 0:04:03]} 41. Kg3 {[%emt 0:31:03]} Kf6 {[%emt 0:30:42]} 42. Kf4 {[%emt 0:01:07]} Rh8 {[%emt 0:00:44]} 43. Ke3 {[%emt 0:02:27]} Ke5 {[%emt 0:00:15]} 0-1

[Event "32nd GER-ch Seniors-65 2020"]
[Site "Magdeburg"]
[Date "2020.08.15"]
[Round "2.2"]
[White "Buchal, Stephan"]
[Black "Etzold, Walter"]
[Result "1-0"]
[WhiteElo "2280"]
[BlackElo "2022"]
[Annotator "TA"]
[PlyCount "73"]
[EventDate "2020.08.14"]
[EventType "swiss"]
[EventCountry "GER"]
[SourceTitle "playchess.com"]
[Source "ChessBase"]
[SourceQuality "1"]

{[%evp 20,73,52,33,49,49,51,49,54,19,37,24,20,8,12,20,53,28,82,52,98,76,164,172,175,102,261,100,135,135,133,140,133,133,154,151,145,136,141,132,475,475,460,452,445,429,447,431,445,444,444,429,497,481,681,589]} 1. c4 c5 2. g3 Nc6 3. Bg2 g6 4. Nc3 Bg7 5. Nf3 Nf6 6. d4 cxd4 7. Nxd4 O-O 8. O-O Nxd4 9. Qxd4 d6 10. Qd3 Rb8 11. Bd2 Bd7 {A39: Symmetrical English vs ...g6: 4 Bg2 Bg7 5 Nf3 Nf6 6 0-0 0-0 7 d4.} 12. Rac1 Bc6 13. e4 Nd7 {White is slightly better.} 14. b4 {[#]} Ne5 $146 ({Predecessor:} 14... a6 15. f4 b5 16. cxb5 axb5 17. Be3 Kh8 18. Ne2 Bb7 19. Nd4 Ra8 20. Qb3 Nb6 21. Nxb5 {½-½ (44) Hera,I (2530)-Gallucci,A (2197) Turin 2008}) 15. Qe2 {[#] Threatens to win with f4.} Bd7 16. Nd5 b5 17. c5 dxc5 18. Rxc5 (18. bxc5 b4 $11) 18... Nc6 (18... e6 $11 19. Ne3 Nc4) 19. Rfc1 Nd4 20. Qd3 Ne6 (20... e6 $16) 21. R5c2 $18 Nd4 {[#]} 22. Rc7 (22. Bg5 $1 $18 {[%cal Rg5e7]} f6 23. Qxd4 fxg5 24. Qxa7) 22... a6 $2 (22... e6 $16) 23. Ra7 $2 (23. Bg5 $18 {is the precise move to win.} Re8 24. Ra7) 23... e6 24. Rcc7 exd5 25. Rxd7 dxe4 26. Bxe4 (26. Rxd8 $6 exd3 27. Rxb8 Rxb8 $14) 26... Qf6 27. Bd5 {Rxf7 is the strong threat.} Rbd8 28. Rxf7 Rxf7 29. Rxf7 ({Stronger than} 29. Bxf7+ Kf8 $17) 29... Qxf7 $4 {[%mdl 8192]} (29... Nf3+ $16 30. Kg2 (30. Qxf3 Qxf3 31. Rxf3+ Rxd5 $16) 30... Rxd5 31. Rxg7+ (31. Qxd5 Qxf7 32. Qxf7+ Kxf7 $16) 31... Kxg7 32. Qxd5 Nxd2) 30. Bxf7+ {White is clearly winning.} Kxf7 31. Kg2 Rd6 32. Qe4 Nc6 33. Be3 Bf6 34. Bc5 Re6 35. Qd5 Be7 36. Qd7 Ne5 (36... Kf6 $142 37. Qc8 Nd8) 37. Qb7 {Accuracy: White = 69%, Black = 53%.} 1-0

[Event "32nd GER-ch Seniors-65 2020"]
[Site "Magdeburg"]
[Date "2020.08.15"]
[Round "2.3"]
[White "Dresen, Ulrich"]
[Black "Stoeckmann, Helmut"]
[Result "1-0"]
[WhiteElo "2230"]
[BlackElo "2013"]
[Annotator "TA"]
[PlyCount "75"]
[EventDate "2020.08.14"]
[EventType "swiss"]
[EventCountry "GER"]
[SourceTitle "playchess.com"]
[Source "ChessBase"]
[SourceQuality "1"]

{[%evp 10,75,85,71,90,75,90,85,102,73,80,76,81,74,72,68,85,81,96,92,90,86,78,65,95,98,128,121,120,120,152,130,177,177,249,246,229,230,254,256,251,233,233,196,204,146,216,220,223,164,158,154,152,156,159,56,63,38,43,23,69,0,109,39,254,253,678,648]} 1. d4 c5 2. d5 e5 3. e4 d6 4. Nc3 Nf6 5. Bb5+ Nbd7 6. a4 Be7 {A44: Semi-Benoni.} 7. Nf3 a6 8. Be2 b6 {White is better.} 9. O-O O-O 10. Nd2 Re8 11. Nc4 Nf8 {[#]} 12. Re1 $146 ({Predecessor:} 12. f4 exf4 13. e5 N6d7 14. exd6 Bg5 15. Bxf4 Bxf4 16. Rxf4 Ng6 17. Rf2 Nde5 18. d7 Bxd7 19. d6 Nxc4 20. Bxc4 Ne5 21. Bd5 Ra7 {½-½ (21) Starcevic,A (2207)-Goric,E (2265) Grohote 2019}) 12... Ng6 13. g3 Bd7 14. Bf1 Rb8 15. Na3 Ra8 16. f3 Bf8 17. Be3 Qc8 18. Qd2 Bh3 19. Bd3 Bd7 20. Reb1 h6 21. b4 Nh7 (21... Qc7 $142 22. bxc5 bxc5) 22. bxc5 $18 bxc5 23. Nc4 Qc7 24. Nb6 Ra7 25. Nxd7 Qxd7 26. Rb6 Rea8 27. Rab1 Be7 {[#]} (27... h5 $16 {might work better.} 28. Qe2 h4) 28. Qe2 $1 Bg5 29. Bf2 Bd8 30. Rxa6 Rxa6 31. Bxa6 Ng5 32. Be3 (32. Bb5 $16 Qc8 33. Be3) 32... Nxf3+ $1 $14 33. Qxf3 Rxa6 34. Qf1 $36 {[%mdl 2048] White is pushing.} Ra5 35. Rb8 (35. Qf5 $14 Qc7 36. Bd2) 35... Ne7 {[#]} (35... Qc7 $1 $11 36. Rb3 Nf8) 36. Bd2 (36. Qb1 $1 $16 {[%cal Rb1b6] aiming for Qb6.} Nc8 37. Bd2) 36... c4 $2 ({Black should try} 36... Qc7 $1 $14 37. Rb3 Qd7) 37. Be3 $18 f5 $2 (37... Qc7 38. Qb1 Kh7) 38. Bb6 {Accuracy: White = 76%, Black = 54%.} 1-0

[Event "32nd GER-ch Seniors-65 2020"]
[Site "Magdeburg"]
[Date "2020.08.15"]
[Round "2.4"]
[White "Kuempers, Ulrich"]
[Black "Kierzek, Matthias"]
[Result "1/2-1/2"]
[WhiteElo "2011"]
[BlackElo "2228"]
[Annotator "TA"]
[PlyCount "49"]
[EventDate "2020.08.14"]
[EventType "swiss"]
[EventCountry "GER"]
[SourceTitle "playchess.com"]
[Source "ChessBase"]
[SourceQuality "1"]

{[%evp 9,49,43,37,1,17,6,19,14,37,26,71,30,37,32,67,51,64,32,33,37,45,48,43,32,72,40,51,57,51,53,62,50,51,50,59,50,56,25,60,51,51,-11]} 1. d4 d5 2. c4 Nc6 3. Nc3 Nf6 4. Bf4 e6 5. e3 Bd6 6. c5 {D35: Queen's Gambit Declined: Exchange Variation.} Bxf4 7. exf4 {[#]} O-O $146 ({Predecessor:} 7... a6 8. a4 Bd7 9. Nf3 O-O 10. Bd3 b6 11. O-O Nb4 12. Ne5 Be8 13. g4 bxc5 14. dxc5 {1-0 (25) Drozdz,A (1097)-Mottershead,R (1077) IECC email 2003}) 8. Nf3 {The position is equal.} Ne4 9. Rc1 f5 10. Be2 Bd7 11. a3 a5 12. O-O b6 13. Ne5 (13. cxb6 {is more complex.} Rb8 14. Ne5 Nxe5 15. Nxe4 cxb6 16. Ng5) 13... Nxe5 14. fxe5 bxc5 15. Nxe4 fxe4 16. Rxc5 c6 17. f3 Qb6 18. b3 exf3 19. Rxf3 Rxf3 20. Bxf3 Rb8 21. Rc3 Qd8 22. Qc1 Qe7 23. Bd1 Qh4 {[%cal Rh4e1] [#]} 24. Qe3 Qe7 25. Bc2 {Accuracy: White = 52%, Black = 74%.} (25. a4 $1 $14) 1/2-1/2

[Event "32nd GER-ch Seniors-65 2020"]
[Site "Magdeburg"]
[Date "2020.08.15"]
[Round "2.5"]
[White "Syre, Christian"]
[Black "Ehlert, Horst"]
[Result "1-0"]
[WhiteElo "2222"]
[BlackElo "2006"]
[Annotator "TA"]
[PlyCount "93"]
[EventDate "2020.08.14"]
[EventType "swiss"]
[EventCountry "GER"]
[SourceTitle "playchess.com"]
[Source "ChessBase"]
[SourceQuality "1"]

{[%evp 15,93,6,0,0,0,-2,26,8,11,0,15,11,16,14,16,19,15,11,19,6,0,-9,28,0,60,56,43,15,12,0,0,5,52,46,89,62,77,54,37,36,36,36,52,60,68,68,76,75,150,144,144,132,131,129,159,149,152,90,93,92,87,72,93,91,93,92,148,149,349,341,630,543,539,533,580,567,569,565,587,584]} 1. d4 Nf6 2. Nf3 e6 3. Bf4 c5 4. e3 Nc6 5. Nbd2 d5 6. c3 Be7 7. h3 O-O 8. Bd3 c4 9. Bc2 {D02: 1 d4 d5 2 Nf3 sidelines, including 2...Nf6 3 g3 and 2...Nf6 3 Bf4.} b5 10. a3 Bb7 11. Qe2 {White has an edge.} a5 12. e4 dxe4 13. Nxe4 {[#]} Nxe4 $146 ({Predecessor:} 13... Nd5 14. Bd2 Rc8 15. O-O Nb8 16. Neg5 Nf6 17. Rfe1 Bd5 18. Ne5 Nbd7 19. Nxd7 Qxd7 20. Ne4 Qb7 21. Nxf6+ Bxf6 22. Be4 Rfd8 23. Qf3 b4 {½-½ (23) Besser,H-Hildebrand,G Germany 1981}) 14. Qxe4 {[%csl Gc2][%cal Re4h7] [#]} g6 15. O-O Bf6 16. Bh6 Re8 17. Rad1 Qc7 18. Qe2 Rad8 19. Rfe1 Rd7 (19... a4 $11) 20. a4 b4 $1 21. Qxc4 {Threatens to win with d5.} Ne7 {[%cal Bc6e7,Be7f5,Bf5h4][%mdl 32]} 22. Bd3 bxc3 23. bxc3 Qxc4 24. Bxc4 {Rxe6! is the strong threat.} Rc8 25. Bb5 Rdd8 26. Rc1 Nf5 27. Bf4 Bxf3 28. gxf3 Nh4 29. Be2 Kg7 30. Kf1 h5 31. Red1 Rd5 (31... Rd7 $142) 32. Ba6 $16 Rcd8 {[#]} 33. Bb7 $1 R5d7 34. Bc6 Ra7 35. Be4 Be7 36. Ke2 ({White should try} 36. Rb1) 36... f5 37. Bc6 g5 38. Rg1 Kh6 39. Bd2 Ng6 40. Rb1 $36 {[%mdl 2048] Keeping Black busy.} Rd6 (40... Rc7 $142) 41. Be8 Nh8 $2 {This move loses the game for Black.} (41... Nf4+ $16 42. Bxf4 gxf4) 42. h4 $18 Rd8 $2 (42... Ng6 43. hxg5+ Kg7) 43. hxg5+ {White is clearly winning.} Kg7 44. Bxh5 Ng6 45. Rh1 Nf8 46. Rb6 Rd6 47. Rhb1 {Accuracy: White = 85%, Black = 66%.} 1-0

[Event "32nd GER-ch Seniors-65 2020"]
[Site "Magdeburg"]
[Date "2020.08.15"]
[Round "2.6"]
[White "Szenetra, Werner"]
[Black "Waltenberger, Udo"]
[Result "0-1"]
[WhiteElo "2190"]
[BlackElo "2005"]
[Annotator "TA"]
[PlyCount "74"]
[EventDate "2020.08.14"]
[EventType "swiss"]
[EventCountry "GER"]
[SourceTitle "playchess.com"]
[Source "ChessBase"]
[SourceQuality "1"]

{[%evp 16,74,-17,-39,-40,-51,-33,-29,-35,-31,-35,-35,-46,-36,12,-52,-14,-89,-65,-101,-106,-102,-95,-80,-26,-54,-45,-45,-44,-33,-33,-131,-131,-114,-102,-310,-305,-432,-434,-514,-514,-495,-507,-491,-493,-564,-487,-495,-494,-566,-525,-564,-560,-548,-532,-530,-520,-532,-527,-504,-500]} 1. Nf3 c5 2. g3 Nc6 3. Bg2 g6 4. O-O Bg7 5. d3 e5 6. e4 Nge7 7. c3 O-O 8. Be3 b6 9. Qd2 d5 {A04: Unusual lines after 1 Nf3 and King's Indian Attack.} 10. exd5 Nxd5 11. Bh6 f6 {Black has an edge.} 12. Bxg7 Kxg7 {[#]} 13. Re1 $146 ({Predecessor:} 13. Na3 Qd7 14. Rad1 Re8 15. Rfe1 Bb7 16. Nc2 Rad8 17. Qe2 Ba6 18. Qe4 Nde7 19. Bf1 {0-1 (58) Palma Moscoso,A (2190)-Zavarce Sayago,O (2218) Bogota 2013}) 13... Re8 14. Na3 Be6 15. Nc2 (15. d4 $11) 15... Qd7 16. b3 (16. d4 $11 {keeps the balance.}) 16... Rad8 17. Rad1 Bg4 18. a3 Na5 {[%cal Bc6a5,Ba5c4,Bc4d2][%mdl 32]} 19. Rb1 Ne7 (19... Bh3 $17 {Strongly threatening ...Bxg2.} 20. Nh4 Nc6) 20. b4 Bxf3 21. Bxf3 Nc4 {[%mdl 64] Pin} 22. Qe2 Qxd3 {[#]} 23. bxc5 (23. Nd4 $1 $15 {[%mdl 512]} Qxe2 (23... cxd4 24. Qxd3) 24. Ne6+ Kh6 25. Bxe2 Nxa3 26. Rb3) 23... Nd2 $36 {[%mdl 2048] White is under strong pressure.} (23... bxc5 $6 {[#]} 24. Nd4 $1 $11 {[%mdl 512]}) 24. Qxd3 Rxd3 25. Be4 $2 {White does not recover from this.} (25. Be2 $17 Nxb1 26. Bxd3 Nxc3 27. cxb6) 25... Rxc3 $19 ({Weaker is} 25... Nxb1 26. Bxd3 Nxc3 27. cxb6 $17) 26. cxb6 (26. Rb2 {only move.}) 26... axb6 {Black is clearly winning.} ({Much less strong is} 26... Nxb1 27. Rxb1 axb6 28. Ne3 $19) 27. Rb2 Rec8 28. Rxb6 Nxe4 ({Less strong is} 28... Rxc2 29. Bxc2 Nf3+ 30. Kf1 $19) 29. Rxe4 Rxc2 30. a4 R2c6 31. Rb7 R8c7 32. Rb8 Nd5 33. a5 Ra6 34. Ra4 Nc3 35. Ra3 Ne2+ 36. Kf1 Nd4 37. Rb6 Rca7 {Accuracy: White = 44%, Black = 82%.} 0-1

[Event "32nd GER-ch Seniors-65 2020"]
[Site "Magdeburg"]
[Date "2020.08.15"]
[Round "2.7"]
[White "Rosen, Willy"]
[Black "Kierzek, Mira"]
[Result "0-1"]
[WhiteElo "2165"]
[BlackElo "2001"]
[Annotator "TA"]
[PlyCount "72"]
[EventDate "2020.08.14"]
[EventType "swiss"]
[EventCountry "GER"]
[SourceTitle "playchess.com"]
[Source "ChessBase"]
[SourceQuality "1"]

{[%evp 17,72,0,0,0,0,0,0,-17,0,-6,21,10,40,18,18,8,16,0,2,-10,-1,-8,0,0,0,0,16,-14,0,0,0,-255,-248,-293,-287,-464,-454,-451,-450,-452,-436,-434,-452,-598,-602,-566,-544,-543,-491,-506,-507,-494,-503,-485,-410,-426,-418]} 1. e4 e5 2. Nf3 Nf6 3. d3 Nc6 4. c3 d5 5. Nbd2 a5 6. Be2 dxe4 7. dxe4 Bc5 8. O-O O-O 9. Qc2 Qe7 10. Nc4 {C44: Ponziani Opening and Scotch Gambit.} h6 11. Ne3 Be6 12. a4 {The position is equal.} Rfd8 13. h3 Rf8 14. Bb5 Bd6 15. Rd1 Rfd8 {[#]} 16. Nh4 $146 ({Predecessor:} 16. Nd5 Bxd5 17. exd5 e4 18. dxc6 exf3 19. cxb7 Rab8 20. Bc6 fxg2 21. Bxg2 Qe5 22. Be3 {1-0 (34) Heberla,B (2171)-Badurowicz,L (2015) Straszecin 1999}) 16... Bc5 17. Nef5 Qf8 18. Rxd8 (18. Be3 {with more complications.} Na7 19. Be2 Nd7 20. Rab1 Ba2 21. Rbc1) 18... Rxd8 19. Be3 Bxe3 20. Nxe3 Qc5 21. Nhf5 Kh7 22. b3 g6 23. Ng3 Kg7 24. Rd1 $2 {[%mdl 8192]} (24. Ngf1 $11) 24... Rxd1+ $19 25. Nxd1 {[#]} Nd4 $1 {[%cal Rd4c2][%mdl 512]} 26. Qd3 $2 (26. Qb2 {was worth a try.} Nxb3 27. Ne3) (26. cxd4 Qxc2) 26... Nxb5 27. axb5 {If only White now had time for c4....} Bxb3 28. Ne3 Be6 29. c4 a4 {[%cal Ba5a4,Ba4a3,Ba3b2][%mdl 32]} 30. Nd5 Bxd5 31. exd5 Qd4 32. Qc2 a3 33. Ne2 Qb2 34. Qxb2 axb2 35. Nc3 {[#]} Ne4 $1 {[%mdl 512]} 36. Nb1 (36. Nxe4 b1=Q+) 36... Nd6 {[%mdl 32768] Accuracy: White = 73%, Black = 90%. . Loss on time!?} 0-1

[Event "32nd GER-ch Seniors-65 2020"]
[Site "Magdeburg"]
[Date "2020.08.15"]
[Round "2.8"]
[White "Haase, Wolfgang"]
[Black "Strobel, Walter"]
[Result "1/2-1/2"]
[WhiteElo "2002"]
[BlackElo "2150"]
[Annotator "ChessBase"]
[PlyCount "40"]
[EventDate "2020.08.14"]
[EventType "swiss"]
[EventCountry "GER"]
[SourceTitle "playchess.com"]
[Source "ChessBase"]
[SourceQuality "1"]
[TimeControl "40/5400+30:1800+30"]

1. e4 {[%emt 0:00:00]} c5 {[%emt 0:00:00]} 2. Nf3 {[%emt 0:00:02]} e6 {[%emt 0:00:27]} 3. d4 {[%emt 0:01:03]} cxd4 {[%emt 0:00:15]} 4. Nxd4 {[%emt 0:00:13]} Nf6 {[%emt 0:00:21]} 5. Nc3 {[%emt 0:00:35]} Nc6 {[%emt 0:01:10]} 6. Be3 {[%emt 0:03:23]} Bb4 {[%emt 0:01:04]} 7. Bd3 {[%emt 0:01:34]} e5 {[%emt 0:01:39]} 8. Nde2 {[%emt 0:08:06]} d5 {[%emt 0:01:57]} 9. exd5 {[%emt 0:00:15]} Nxd5 {[%emt 0:00:36]} 10. Bd2 {[%emt 0:07:22]} Bg4 {[%emt 0:04:32]} 11. O-O {[%emt 0:04:43]} O-O {[%emt 0:07:00]} 12. Nxd5 {[%emt 0:05:08]} Qxd5 {[%emt 0:00:10]} 13. Bxb4 {[%emt 0:00:38]} Nxb4 {[%emt 0:00:22]} 14. f3 {[%emt 0:03:18]} Nxd3 {[%emt 0:02:24]} 15. Qxd3 Qxd3 {[%emt 0:07:25]} 16. cxd3 {[%emt 0:01:06]} Bf5 {[%emt 0:00:09]} 17. d4 {[%emt 0:00:49]} Bd3 {[%emt 0:04:56]} 18. Rfe1 {[%emt 0:00:41]} exd4 {[%emt 0:01:00]} 19. Rad1 {[%emt 0:01:19]} Bc4 {[%emt 0:08:57]} 20. b3 {[%emt 0:00:50]} Bxe2 {[%emt 0:04:42]} 1/2-1/2

[Event "32nd GER-ch Seniors-65 2020"]
[Site "Magdeburg"]
[Date "2020.08.15"]
[Round "2.9"]
[White "Tchetchelnitski, Boris"]
[Black "Molzahn, Norbert"]
[Result "1-0"]
[WhiteElo "2148"]
[BlackElo "1996"]
[Annotator "TA"]
[PlyCount "93"]
[EventDate "2020.08.14"]
[EventType "swiss"]
[EventCountry "GER"]
[SourceTitle "playchess.com"]
[Source "ChessBase"]
[SourceQuality "1"]

{[%evp 19,93,12,29,35,31,18,53,49,135,126,151,108,94,90,114,93,112,91,100,75,88,52,54,47,85,85,80,35,43,22,56,47,41,41,52,29,31,20,47,33,71,58,58,52,81,104,106,102,92,49,70,63,92,36,92,92,92,101,118,145,183,170,241,192,234,145,167,167,501,434,548,728,1428,1239,5628,5423]} 1. Nf3 g6 2. g3 Bg7 3. Bg2 Nf6 4. O-O O-O 5. c4 c5 6. Nc3 Nc6 7. d4 cxd4 8. Nxd4 Nxd4 9. Qxd4 d6 10. Qh4 Qa5 11. Bd2 {A39: Symmetrical English vs ...g6: 4 Bg2 Bg7 5 Nf3 Nf6 6 0-0 0-0 7 d4.} Rb8 12. Rfd1 a6 {[#]} 13. Rac1 $146 {White is slightly better.} ({Predecessor:} 13. Nd5 Qd8 14. Bg5 b6 15. Nxf6+ exf6 16. Be3 Be6 17. Rac1 Qe7 18. Qf4 Rfc8 19. b3 {1-0 (66) Cagasik,T (2255)-Cip,D (2137) Brno 2011}) 13... Qh5 (13... Qf5 $14) 14. Qxh5 $16 gxh5 15. Be3 b6 16. b3 Bb7 17. f3 Bc6 18. Bf2 Rfc8 19. e4 b5 20. Bh3 Bd7 21. Bf1 bxc4 22. Bxc4 a5 23. Ne2 a4 24. Nd4 axb3 25. Bxb3 Kf8 26. Kg2 Bh6 27. Rc2 Rxc2 28. Nxc2 Rc8 29. Ne3 Rc3 30. Nd5 Nxd5 31. Rxd5 Be6 32. Rxh5 {[#] Strongly threatening Bxe6.} Bxb3 33. axb3 {[%mdl 4096] Endgame KRB-KRB} ({Worse is} 33. Rxh6 Bd1 $17) 33... Bg7 34. b4 {[%cal Bb3b4,Bb4b5][%mdl 32]} (34. Rb5 {is more complex.} Ke8 35. f4 Rc2 36. Kf3 h6 37. Rb8+) 34... Rb3 35. Rb5 {[%cal Rb5b8]} (35. b5 {feels hotter.} Rb2 36. Rd5 Ke8 37. f4 Kd7 38. b6) 35... Bc3 36. Rb8+ Kg7 {[#]} 37. b5 $1 Rb2 {White must now prevent ...Bd4.} 38. Kf1 Rb1+ 39. Ke2 Rb2+ 40. Kd3 Rxf2 (40... Be5 $142) 41. Kxc3 $18 Rxf3+ {KR-KR} 42. Kc4 Rf1 43. b6 {Hoping for Kb5.} e6 $2 (43... Rb1 {is tougher.}) 44. Rd8 {Threatens to win with b7.White is clearly winning.} Rc1+ 45. Kb5 d5 46. exd5 exd5 47. Rxd5 {Accuracy: White = 79%, Black = 46%.} 1-0